[Event "DEM U12/U12w 2000"]
[Site "Überlingen GER"]
[Date "2000.06.07"]
[Round "7"]
[White "Hummel, Helmut"]
[Black "Krenz, Sarah"]
[Result "1-0"]
[Termination "normal"]
[Board "27"]
[WhiteElo "682"]
[BlackElo "1122"]
[PlyCount "66"]
[EventCountry "GER"]
[EventRounds "11"]
[EventType "swiss"]
[EventDate "2000.06.03"]

1. e4 c5 2. Nf3 d6 3. d4 cxd4 4. Nxd4 Nf6 5. Nc3 g6 6. f4 Bg7 7. e5 dxe5 8.
fxe5 Nfd7 9. e6 Ne5 10. exf7+ Kxf7 11. Be3 Rf8 12. Qd2 Kg8 13. O-O-O Nbc6 14.
Nxc6 Qxd2+ 15. Rxd2 Nxc6 16. Bc4+ Kh8 17. Rhd1 Bg4 18. Re1 Rac8 19. h3 Bf5 20.
g4 Ne5 21. Bd5 Bd7 22. Bxa7 Bc6 23. Bxc6 Rxc6 24. Bd4 Nc4 25. Bxg7+ Kxg7 26.
Rxe7+ Kg8 27. Rdd7 Rf1+ 28. Nd1 Rc8 29. Rg7+ Kf8 30. Rxh7 Ke8 31. Rxb7 Nd6 32.
Rh8+ Rf8 33. Rxf8+ Kxf8 1-0

[Event "DEM U12/U12w 2000"]
[Site "Überlingen GER"]
[Date "2000.06.07"]
[Round "7"]
[White "Collmann, Jan"]
[Black "Donners, Ricardo"]
[Result "1/2-1/2"]
[Termination "normal"]
[Board "28"]
[WhiteElo "1076"]
[BlackElo "884"]
[PlyCount "64"]
[EventCountry "GER"]
[EventRounds "11"]
[EventType "swiss"]
[EventDate "2000.06.03"]

1. e4 d5 2. Nc3 c6 3. exd5 cxd5 4. Bb5+ Bd7 5. Bxd7+ Qxd7 6. Nf3 Nc6 7. d3 e5
8. Qe2 O-O-O 9. Bd2 Nd4 10. Nxe5 Qe6 11. Qd1 f6 12. O-O Qxe5 13. Re1 Qf5 14.
Be3 Nc6 15. Ne2 Bd6 16. Qd2 g5 17. Qc3 Bb4 18. Qb3 Bxe1 19. Rxe1 d4 20. Bd2 Re8
21. Qc4 Kb8 22. b4 Qe6 23. Qc5 Qe7 24. Qc4 h5 25. Kf1 Qd6 26. Kg1 h4 27. b5 Ne5
28. Qa4 Ng4 29. g3 hxg3 30. hxg3 Rh2 31. b6 axb6 32. Qxe8+ Ka7 1/2-1/2

[Event "DEM U12/U12w 2000"]
[Site "Überlingen GER"]
[Date "2000.06.07"]
[Round "7"]
[White "Kubernath, Max"]
[Black "Becker, Erik"]
[Result "1/2-1/2"]
[Termination "normal"]
[Board "29"]
[WhiteElo "572"]
[BlackElo "1068"]
[PlyCount "69"]
[BlackFideId "4696921"]
[EventCountry "GER"]
[EventRounds "11"]
[EventType "swiss"]
[EventDate "2000.06.03"]

1. d4 e5 2. dxe5 Nc6 3. Nf3 Qe7 4. Bg5 Qb4+ 5. Nbd2 Qxb2 6. e3 Nxe5 7. Nxe5
Qxe5 8. Bf4 Qc5 9. Nb3 Qc6 10. Nd4 Bb4+ 11. Ke2 Qc4+ 12. Qd3 Qxd3+ 13. Kxd3 Nf6
14. Be2 d6 15. Bf3 O-O 16. Rhd1 Rd8 17. Ke2 Bc3 18. Rab1 Rb8 19. Kf1 Bxd4 20.
exd4 d5 21. Bxc7 Bf5 22. Rb2 b6 23. Bxb8 Rxb8 24. Re1 Rc8 25. h3 Bxc2 26. Kg1
Bf5 27. Rbe2 Be6 28. Rd1 g6 29. Ree1 Rc2 30. Ra1 Rd2 31. Red1 Rb2 32. Rdb1 Rd2
33. Rd1 Rb2 34. Rdc1 Ne8 35. Rcb1 1/2-1/2

[Event "DEM U12/U12w 2000"]
[Site "Überlingen GER"]
[Date "2000.06.07"]
[Round "7"]
[White "Janiesch, Maike"]
[Black "Aghadjanian, Aida"]
[Result "0-1"]
[Termination "normal"]
[Board "30"]
[WhiteElo "465"]
[BlackElo "1039"]
[PlyCount "78"]
[EventCountry "GER"]
[EventRounds "11"]
[EventType "swiss"]
[EventDate "2000.06.03"]

1. e4 e6 2. Nc3 d5 3. exd5 exd5 4. d4 Nf6 5. Nf3 Be7 6. Bf4 O-O 7. Nb5 Re8 8.
Be2 Na6 9. O-O c6 10. Nc3 Bf5 11. Bxa6 bxa6 12. Ne5 Qb6 13. b3 Bd6 14. Re1 Ng4
15. h3 Bb4 16. Qd2 Nf6 17. f3 Rac8 18. a3 Bd6 19. b4 a5 20. Na2 axb4 21. axb4
Nh5 22. c3 Nxf4 23. Qxf4 Bg6 24. g3 f6 25. Nd7 Qc7 26. Qg4 f5 27. Qg5 Qxd7 28.
Rad1 Be7 29. Qd2 Bd6 30. f4 Rxe1+ 31. Rxe1 Re8 32. Rxe8+ Qxe8 33. Nc1 Qe4 34.
Qf2 Bh5 35. Kh2 Qf3 36. Qe1 h6 37. Qe6+ Kh7 38. Qxd6 Qf2+ 39. Kh1 Bf3# 0-1

[Event "DEM U12/U12w 2000"]
[Site "Überlingen GER"]
[Date "2000.06.07"]
[Round "7"]
[White "Lörincz, Benjamin"]
[Black "Tovmasian, Nelli"]
[Result "1-0"]
[Termination "normal"]
[Board "31"]
[WhiteElo "1137"]
[BlackElo "702"]
[PlyCount "97"]
[BlackFideId "24611735"]
[EventCountry "GER"]
[EventRounds "11"]
[EventType "swiss"]
[EventDate "2000.06.03"]

1. Nf3 d6 2. d4 Bg4 3. e4 c5 4. dxc5 Qa5+ 5. Nbd2 Qxc5 6. Bc4 g6 7. Qe2 a6 8.
Nb3 Qc6 9. Qd3 Bxf3 10. gxf3 e6 11. Nd4 Qc5 12. Be3 Qb4+ 13. c3 Qxb2 14. Bc1
Qxa1 15. O-O Nd7 16. Ba3 Ne5 17. Qc2 Qxf1+ 18. Kxf1 Nxc4 19. Qa4+ Kd8 20. Qxc4
d5 21. Qa4 Bxa3 22. Qxa3 Kd7 23. Nb5 Kc6 24. Nd4+ Kc7 25. Qc5+ Kb8 26. Qd6+ Ka7
27. Qc7 Re8 28. Nc6+ Ka8 29. Qb6 bxc6 30. Qxc6+ Ka7 31. Qxe8 h5 32. Qxf7+ Ka8
33. Qg7 Ne7 34. Qxh8+ Kb7 35. Qg7 dxe4 36. Qxe7+ Kb8 37. fxe4 a5 38. Qxe6 Kc7
39. Qxg6 Kd7 40. Qxh5 Ke7 41. Qxa5 Ke6 42. Qd5+ Ke7 43. Qc6 Kf7 44. a4 Ke7 45.
a5 Kd8 46. Qb7 Ke8 47. a6 Kd8 48. a7 Ke8 49. a8=Q# 1-0

[Event "DEM U12/U12w 2000"]
[Site "Überlingen GER"]
[Date "2000.06.07"]
[Round "7"]
[White "Klaiber, Markus"]
[Black "Gossmann, Anna Maria"]
[Result "1-0"]
[Termination "normal"]
[Board "32"]
[WhiteElo "1078"]
[BlackElo "820"]
[PlyCount "121"]
[EventCountry "GER"]
[EventRounds "11"]
[EventType "swiss"]
[EventDate "2000.06.03"]

1. e4 e5 2. Nf3 Nc6 3. Bb5 Bc5 4. Nxe5 Qf6 5. Nf3 Nge7 6. O-O O-O 7. c3 d5 8.
exd5 Nxd5 9. d4 Bb6 10. Bg5 Qg6 11. h3 h6 12. Bh4 Bxh3 13. Bg3 Bd7 14. Bxc6
Bxc6 15. a4 a5 16. c4 Nf6 17. c5 Ba7 18. Bxc7 Bd7 19. Nh4 Qg5 20. g3 Nh5 21.
Nc3 f5 22. Nf3 Qf6 23. Ne5 Be8 24. Bd6 f4 25. g4 f3 26. Bxf8 Kxf8 27. Qxf3 Qxf3
28. Nxf3 Nf4 29. Rad1 Bc6 30. Ne5 Bg2 31. Rfe1 g6 32. Ne2 Nxe2+ 33. Rxe2 Bd5
34. Nxg6+ Kg7 35. Ne5 Bb3 36. Ra1 Rd8 37. Rd2 Bb8 38. Rd3 Bc2 39. Rc3 Be4 40.
f3 Bd5 41. c6 bxc6 42. Nxc6 Bxc6 43. Rxc6 Rxd4 44. Rb6 Be5 45. Re1 Bf6 46. Re4
Rd2 47. b4 Bd4+ 48. Rxd4 Rxd4 49. bxa5 Rxa4 50. a6 Kh7 51. Kg2 Ra2+ 52. Kg3 Ra4
53. Rb7+ Kg6 54. Ra7 Kf6 55. Ra8 Kg5 56. a7 Kf6 57. Rf8+ Ke5 58. a8=Q Rxa8 59.
Rxa8 Kf6 60. Kh4 Kg7 61. Kh5 1-0

[Event "DEM U12/U12w 2000"]
[Site "Überlingen GER"]
[Date "2000.06.07"]
[Round "7"]
[White "Großmann, Susan"]
[Black "Riedel, Kristina"]
[Result "1-0"]
[Termination "normal"]
[Board "33"]
[WhiteElo "1022"]
[BlackElo "765"]
[PlyCount "57"]
[WhiteFideId "24608220"]
[BlackFideId "24659282"]
[EventCountry "GER"]
[EventRounds "11"]
[EventType "swiss"]
[EventDate "2000.06.03"]

1. e4 e5 2. Nf3 Nc6 3. Bc4 Bc5 4. c3 d6 5. d4 exd4 6. cxd4 Bb4+ 7. Bd2 Bg4 8.
Bxb4 Nxb4 9. Bxf7+ Kxf7 10. Qb3+ Ke8 11. Qxb4 Nf6 12. Qxb7 Kf7 13. Qb3+ d5 14.
Ne5+ Ke6 15. Nxg4 Nxg4 16. Qh3 Qg5 17. exd5+ Kxd5 18. Qf3+ Kxd4 19. Qc3+ Kd5
20. Qd3+ Kc6 21. O-O Qh6 22. Qf3+ Kd7 23. Qxg4+ Kd8 24. Rd1+ Ke8 25. Qe4+ Kf7
26. Rd7+ Kf6 27. Qe7+ Kf5 28. Rd5+ Kg4 29. Qe4+ 1-0

[Event "DEM U12/U12w 2000"]
[Site "Überlingen GER"]
[Date "2000.06.07"]
[Round "7"]
[White "Glowna, Uwe"]
[Black "Kessler, Paul"]
[Result "1-0"]
[Termination "normal"]
[Board "35"]
[WhiteElo "1001"]
[BlackElo "654"]
[PlyCount "67"]
[EventCountry "GER"]
[EventRounds "11"]
[EventType "swiss"]
[EventDate "2000.06.03"]

1. e4 e5 2. Nf3 Nc6 3. Bb5 a6 4. Ba4 Nf6 5. O-O Bc5 6. c3 O-O 7. Re1 Re8 8. d4
exd4 9. cxd4 Be7 10. Nc3 d6 11. d5 b5 12. Nxb5 axb5 13. Bxb5 Na5 14. Bxe8 Qxe8
15. Qc2 Qd8 16. Bd2 Bg4 17. Nd4 Nb7 18. Nc6 Qd7 19. Bg5 Rc8 20. f3 Bh5 21.
Nxe7+ Qxe7 22. Qc3 h6 23. Bxf6 Qxf6 24. Qxf6 gxf6 25. a4 Na5 26. b4 Nc4 27.
Rec1 Nb6 28. a5 Na8 29. Rc6 Bg6 30. Kf2 f5 31. Ke3 fxe4 32. fxe4 f5 33. e5 dxe5
34. Rxg6+ 1-0

[Event "DEM U12/U12w 2000"]
[Site "Überlingen GER"]
[Date "2000.06.07"]
[Round "7"]
[White "Goedeke-Tort, Maheba"]
[Black "Stemmler, Lysan"]
[Result "1/2-1/2"]
[Termination "normal"]
[Board "36"]
[WhiteElo "916"]
[BlackElo "447"]
[PlyCount "59"]
[BlackFideId "24622451"]
[EventCountry "GER"]
[EventRounds "11"]
[EventType "swiss"]
[EventDate "2000.06.03"]

1. e4 d6 2. d4 Nf6 3. Nc3 g6 4. f3 Bg7 5. Be3 h6 6. Qd2 Nbd7 7. O-O-O Nb6 8. g4
c6 9. h4 Qc7 10. Bd3 Bd7 11. Nge2 O-O-O 12. Bf4 e5 13. Bg3 h5 14. g5 Ne8 15.
dxe5 dxe5 16. f4 Be6 17. Qe3 exf4 18. Bxf4 Qd7 19. a3 Bg4 20. Rd2 Be5 21. Qg3
Bxf4 22. Qxf4 Qc7 23. Rf1 Qxf4 24. Nxf4 Nc7 25. Be2 Bxe2 26. Rxd8+ Kxd8 27.
Nfxe2 Ke7 28. b3 Re8 29. Kd2 Kf8 30. Rf6 1/2-1/2

[Event "DEM U12/U12w 2000"]
[Site "Überlingen GER"]
[Date "2000.06.07"]
[Round "7"]
[White "Rath, Alina"]
[Black "Dathe, Fabian"]
[Result "1/2-1/2"]
[Termination "normal"]
[Board "38"]
[WhiteElo "912"]
[BlackElo "1004"]
[PlyCount "38"]
[WhiteFideId "24607886"]
[EventCountry "GER"]
[EventRounds "11"]
[EventType "swiss"]
[EventDate "2000.06.03"]

1. c4 e5 2. d3 Nf6 3. g3 Bc5 4. Bg2 O-O 5. Nc3 h6 6. Nf3 d6 7. O-O Nc6 8. Bd2
Be6 9. a3 a6 10. b4 Ba7 11. Rb1 Rb8 12. a4 Qd7 13. b5 axb5 14. axb5 Nd4 15. Re1
Bh3 16. Bh1 Ng4 17. e3 Nxf3+ 18. Qxf3 Nf6 19. Qd1 Rfe8 1/2-1/2

[Event "DEM U12/U12w 2000"]
[Site "Überlingen GER"]
[Date "2000.06.07"]
[Round "7"]
[White "Kesten, Sebastian"]
[Black "Walker, Maria"]
[Result "1-0"]
[Termination "normal"]
[Board "39"]
[WhiteElo "1047"]
[BlackElo "844"]
[PlyCount "129"]
[WhiteFideId "24616214"]
[EventCountry "GER"]
[EventRounds "11"]
[EventType "swiss"]
[EventDate "2000.06.03"]

1. d4 d5 2. c4 e6 3. Nc3 Nf6 4. Bg5 Nbd7 5. e3 c6 6. cxd5 cxd5 7. Bd3 Qa5 8.
Nge2 a6 9. O-O Bd6 10. Rc1 O-O 11. Bf4 e5 12. dxe5 Nxe5 13. h3 Qd8 14. Bc2 b5
15. Nxd5 Bb7 16. Nxf6+ Qxf6 17. Ng3 Rfd8 18. Qe2 Rac8 19. Ne4 Bxe4 20. Bxe4
Rxc1 21. Rxc1 h6 22. b3 Ng6 23. Bxd6 Qxd6 24. Rc6 Qe5 25. Bxg6 fxg6 26. Rxa6 g5
27. Qg4 Kh7 28. g3 Rd2 29. Qe6 Qxe6 30. Rxe6 Rxa2 31. Rb6 Rb2 32. Rxb5 Kg6 33.
Kg2 Kf6 34. Kf3 Rc2 35. b4 Rc4 36. Rb6+ Kf5 37. g4+ Ke5 38. Rb7 Kf6 39. Rb6+
Ke5 40. Rb5+ Kf6 41. Rb6+ Ke5 42. Rg6 Rc7 43. b5 Rb7 44. b6 Rf7+ 45. Ke2 Rb7
46. Rc6 Ke4 47. Rc4+ Kd5 48. Rb4 Kc5 49. Rb1 Rxb6 50. Rxb6 Kxb6 51. Kd3 Kc6 52.
Ke4 Kd6 53. Kf5 Ke7 54. Kg6 Kf8 55. f4 gxf4 56. exf4 Kg8 57. f5 Kh8 58. f6 gxf6
59. Kxf6 Kh7 60. Kf7 h5 61. g5 h4 62. g6+ Kh8 63. g7+ Kh7 64. g8=Q+ Kh6 65.
Qg6# 1-0

[Event "DEM U12/U12w 2000"]
[Site "Überlingen GER"]
[Date "2000.06.07"]
[Round "7"]
[White "Ehrhardt, Eric"]
[Black "Tischer, Jana"]
[Result "1-0"]
[Termination "normal"]
[Board "40"]
[WhiteElo "1022"]
[BlackElo "749"]
[PlyCount "73"]
[WhiteFideId "24602450"]
[BlackFideId "24617164"]
[EventCountry "GER"]
[EventRounds "11"]
[EventType "swiss"]
[EventDate "2000.06.03"]

1. e4 e5 2. d4 exd4 3. c3 dxc3 4. Nxc3 Nc6 5. Bc4 Bb4 6. Bd2 Nf6 7. Nf3 O-O 8.
O-O d6 9. Qc2 Be6 10. Bxe6 fxe6 11. Bg5 Qd7 12. Rad1 e5 13. Bxf6 Rxf6 14. Nd5
Rg6 15. Nh4 Rg4 16. Nf5 Rf8 17. Nxb4 Nxb4 18. Qb3+ Kh8 19. f3 Rg5 20. Qxb4 b6
21. Qd2 Rg6 22. f4 Qe6 23. fxe5 Qxe5 24. Rde1 Rgf6 25. b3 Qe8 26. Qc3 c5 27.
Qd3 Qh5 28. Ng3 Qg6 29. Rxf6 Rxf6 30. Rf1 h6 31. Rxf6 Qxf6 32. a4 Kh7 33. e5+
Qg6 34. Qxg6+ Kxg6 35. exd6 Kf7 36. Ne4 a6 37. Kf2 1-0

[Event "DEM U12/U12w 2000"]
[Site "Überlingen GER"]
[Date "2000.06.07"]
[Round "7"]
[White "Klink, Otto"]
[Black "Stelter, Christoph"]
[Result "1/2-1/2"]
[Termination "normal"]
[Board "41"]
[WhiteElo "882"]
[BlackElo "959"]
[PlyCount "44"]
[EventCountry "GER"]
[EventRounds "11"]
[EventType "swiss"]
[EventDate "2000.06.03"]

1. e4 g6 2. d4 d6 3. Nf3 Nf6 4. Nc3 Bg7 5. Bc4 Nbd7 6. O-O O-O 7. h3 e5 8. Be3
Re8 9. d5 Nb6 10. Be2 Bd7 11. Qd2 c6 12. dxc6 bxc6 13. Bh6 d5 14. Bxg7 Kxg7 15.
Bd3 Qc7 16. Rfe1 d4 17. Ne2 c5 18. c4 Bc6 19. Ng3 Qb7 20. a3 Nbd7 21. Nh4 Rab8
22. Rab1 a6 1/2-1/2

[Event "DEM U12/U12w 2000"]
[Site "Überlingen GER"]
[Date "2000.06.07"]
[Round "7"]
[White "Mader, Michael"]
[Black "Hammerich, Nadine"]
[Result "1-0"]
[Termination "normal"]
[Board "42"]
[WhiteElo "949"]
[BlackElo "675"]
[PlyCount "35"]
[WhiteFideId "4696913"]
[EventCountry "GER"]
[EventRounds "11"]
[EventType "swiss"]
[EventDate "2000.06.03"]

1. e4 e5 2. Nf3 Nc6 3. Bb5 d6 4. d4 Nf6 5. d5 Bd7 6. dxc6 bxc6 7. Bd3 d5 8. Bg5
Be7 9. Nxe5 dxe4 10. Nxd7 Qxd7 11. Be2 Qf5 12. Bxf6 Bxf6 13. Nc3 Rb8 14. Bg4
Qa5 15. O-O Rxb2 16. Nxe4 Bc3 17. Qd7+ Kf8 18. Qd8# 1-0

[Event "DEM U12/U12w 2000"]
[Site "Überlingen GER"]
[Date "2000.06.07"]
[Round "7"]
[White "Butschek, Tanja"]
[Black "Laake, Jasmin"]
[Result "1-0"]
[Termination "normal"]
[Board "43"]
[WhiteElo "932"]
[BlackElo "633"]
[PlyCount "31"]
[WhiteFideId "24604640"]
[BlackFideId "4699939"]
[EventCountry "GER"]
[EventRounds "11"]
[EventType "swiss"]
[EventDate "2000.06.03"]

1. e4 e5 2. Nf3 Nc6 3. Bb5 a6 4. Ba4 Nf6 5. Nc3 Be7 6. O-O O-O 7. Bxc6 dxc6 8.
Nxe5 Bd6 9. Nf3 Re8 10. Re1 Bg4 11. d4 Bb4 12. e5 Nd5 13. Bd2 Qd7 14. Nxd5 Bxd2
15. Qxd2 Bxf3 16. Nf6+ 1-0

[Event "DEM U12/U12w 2000"]
[Site "Überlingen GER"]
[Date "2000.06.07"]
[Round "7"]
[White "Schöttler, Katharina"]
[Black "Slobodan, Nadja"]
[Result "1/2-1/2"]
[Termination "normal"]
[Board "45"]
[WhiteElo "668"]
[BlackElo "766"]
[PlyCount "73"]
[EventCountry "GER"]
[EventRounds "11"]
[EventType "swiss"]
[EventDate "2000.06.03"]

1. e4 c6 2. d4 d5 3. Nc3 dxe4 4. Nxe4 Bf5 5. Bd3 Bxe4 6. Bxe4 Nf6 7. Qd3 Nxe4
8. Qxe4 e6 9. Bd2 Qd5 10. Qxd5 exd5 11. Nf3 Bd6 12. O-O O-O 13. a3 Nd7 14. Bb4
Bxb4 15. axb4 a6 16. Rfe1 Rfe8 17. h3 h6 18. Ne5 Nxe5 19. Rxe5 Rxe5 20. dxe5
Re8 21. f4 g5 22. g3 gxf4 23. gxf4 Kg7 24. Kf2 Kh7 25. Re1 Kg6 26. Rg1+ Kf5 27.
Rg7 Re7 28. Kf3 Rd7 29. Rh7 Kg6 30. e6 Re7 31. exf7 Rxf7 32. Rxf7 Kxf7 33. Kg4
Kg6 34. f5+ Kg7 35. b3 b6 36. Kf4 Kf6 37. c3 1/2-1/2

[Event "DEM U12/U12w 2000"]
[Site "Überlingen GER"]
[Date "2000.06.07"]
[Round "7"]
[White "Garzinsky, Dominik"]
[Black "Roj, Michaela"]
[Result "1-0"]
[Termination "normal"]
[Board "46"]
[WhiteElo "648"]
[BlackElo "1028"]
[PlyCount "67"]
[EventCountry "GER"]
[EventRounds "11"]
[EventType "swiss"]
[EventDate "2000.06.03"]

1. e4 e5 2. f4 exf4 3. Nf3 Nf6 4. d3 Bc5 5. Bxf4 Nc6 6. Bg5 Be7 7. Nc3 h6 8.
Bh4 g5 9. Bg3 d6 10. Be2 Be6 11. d4 d5 12. e5 Ng4 13. Qd2 Bb4 14. h3 h5 15.
hxg4 Bxg4 16. Nxg5 h4 17. Bxg4 Rg8 18. Bxh4 f6 19. exf6 Qxf6 20. Nf3 Qg6 21.
Qe3+ Kf8 22. Qf4+ Ke8 23. O-O Qxc2 24. Rfe1+ Ne7 25. Rxe7+ Bxe7 26. Re1 Qg6 27.
Rxe7+ Kd8 28. Rxc7+ Ke8 29. Re7+ Kd8 30. Rxb7+ Ke8 31. Re7+ Kd8 32. Rxa7+ Ke8
33. Qe5+ Kf8 34. Qe7# 1-0

[Event "DEM U12/U12w 2000"]
[Site "Überlingen GER"]
[Date "2000.06.07"]
[Round "7"]
[White "Bräutigam, Thorben"]
[Black "Hahn, Eva-Katharina"]
[Result "1-0"]
[Termination "normal"]
[Board "47"]
[WhiteElo "1123"]
[BlackElo "392"]
[PlyCount "57"]
[EventCountry "GER"]
[EventRounds "11"]
[EventType "swiss"]
[EventDate "2000.06.03"]

1. f4 e6 2. Nf3 Bc5 3. d4 Bxd4 4. Nxd4 Nf6 5. Nc3 Nd5 6. Nxd5 exd5 7. g3 g5 8.
fxg5 Nc6 9. Nf3 d6 10. Bg2 Bf5 11. b3 Nb4 12. Nd4 Bg6 13. c3 Na6 14. O-O Qd7
15. Bxd5 Qh3 16. Bg2 Qg4 17. e4 Qxd1 18. Rxd1 O-O-O 19. Be3 Rhe8 20. Re1 Re7
21. Nf5 Bxf5 22. exf5 Rde8 23. Bf2 Nc5 24. Rxe7 Rxe7 25. Bxc5 dxc5 26. Bh3 f6
27. g6 Kb8 28. Rd1 hxg6 29. Rd8# 1-0

[Event "DEM U12/U12w 2000"]
[Site "Überlingen GER"]
[Date "2000.06.07"]
[Round "7"]
[White "Weber, Julia"]
[Black "Dietzen, Corinna"]
[Result "0-1"]
[Termination "normal"]
[Board "48"]
[WhiteElo "452"]
[BlackElo "385"]
[PlyCount "126"]
[BlackFideId "24621021"]
[EventCountry "GER"]
[EventRounds "11"]
[EventType "swiss"]
[EventDate "2000.06.03"]

1. e4 e5 2. Bc4 Nf6 3. Nc3 Bc5 4. Nf3 Nc6 5. d3 h6 6. Nd5 Ng4 7. Qe2 Bxf2+ 8.
Kf1 d6 9. h3 Nd4 10. Nxd4 Bxd4 11. hxg4 c6 12. Ne3 Qf6+ 13. Qf3 Qg6 14. c3 Bb6
15. Nf5 Be6 16. Nxd6+ Kd7 17. Bxe6+ Qxe6 18. Nc4 Rhf8 19. Qg3 Bc7 20. Ke1 f6
21. Be3 b5 22. Nd2 Rfd8 23. Qf3 Ke7 24. Bc5+ Bd6 25. Bxd6+ Rxd6 26. Kd1 Rad8
27. Qe3 Rxd3 28. Qxa7+ Ke8 29. Qxg7 Rxd2+ 30. Ke1 R8d7 31. Qg6+ Kd8 32. Qxh6
Qxg4 33. Qxf6+ Kc7 34. Qf3 Qxg2 35. Qxg2 Rxg2 36. b3 Rd3 37. c4 bxc4 38. bxc4
Rd4 39. Rh7+ Kd6 40. Kf1 Rc2 41. Rh6+ Ke7 42. Rxc6 Rxe4 43. Re1 Rh4 44. Re2
Rc1+ 45. Kf2 Rh2+ 46. Kf3 Rc3+ 47. Re3 Rh3+ 48. Kg4 Rhxe3 49. a4 Rg3+ 50. Kf5
Rcf3+ 51. Kxe5 Re3+ 52. Kd5 Rd3+ 53. Kc5 Kd7 54. a5 Rg5+ 55. Kb4 Kxc6 56. a6
Rg8 57. c5 Ra8 58. a7 Rxa7 59. Kc4 Rd5 60. Kb4 Rxc5 61. Kb3 Rb7+ 62. Ka4 Rc1
63. Ka3 Ra1# 0-1